|
|
|
|
| LEADER |
00805nab a2200193 i 4500 |
| 001 |
misc9375 |
| 005 |
20191106143515.0 |
| 008 |
170607s1915 hu o 0|| hun d |
| 022 |
|
|
|a 0025-0260
|
| 040 |
|
|
|a SZTE Miscellanea Repozitórium
|b hun
|
| 041 |
|
|
|a hun
|
| 100 |
1 |
|
|a Szelényi Ödön
|
| 245 |
1 |
0 |
|a Erwin Rausch
|h [elektronikus dokumentum] :
|b Geschichte der Pädagogik und des gelehrten Unterrichts im Abrisse dargestellt : [könyvismertetés] /
|c Szelényi Ödön
|
| 260 |
|
|
|c 1915
|
| 300 |
|
|
|a 196-197
|
| 490 |
0 |
|
|a Magyar pedagógia : a Magyar Tudományos Akadémia Pedagógiai Bizottságának folyóirata
|v 24
|
| 695 |
|
|
|a Neveléstörténet német könyvismertetés, Neveléstörténet
|
| 700 |
0 |
1 |
|a Rausch Erwin
|
| 856 |
4 |
0 |
|u http://misc.bibl.u-szeged.hu/9375/1/mp_1915_2139_196-197.pdf
|z Dokumentum-elérés
|